La pequeña crónica de Ana Magdalena Bach / (Record no. 7091)
[ view plain ]
| 000 -CABECERA | |
|---|---|
| campo de control de longitud fija | 00712cam a2200205u 4500 |
| 001 - NÚMERO DE CONTROL | |
| campo de control | 000007310 |
| 005 - FECHA Y HORA DE LA ÚLTIMA TRANSACCIÓN | |
| campo de control | 20200929154128.0 |
| 008 - DATOS DE LONGITUD FIJA--INFORMACIÓN GENERAL | |
| campo de control de longitud fija | 860227s1947 sp 000 0bspa |
| 040 ## - FUENTE DE LA CATALOGACIÓN | |
| Centro catalogador/agencia de origen | DO-SdBNP |
| Centro/agencia transcriptor | spa |
| Centro/agencia modificador | BNPHU |
| 082 ## - NÚMERO DE LA CLASIFICACIÓN DECIMAL DEWEY | |
| Número de clasificación | xxx |
| Número de documento/Ítem | P425c |
| 049 ## - FONDOS LOCALES (OCLC) | |
| Fondos de biblioteca | BNGR |
| 245 13 - MENCIÓN DE TÍTULO | |
| Título | La pequeña crónica de Ana Magdalena Bach / |
| Mención de responsabilidad, etc. | traducción Carlos Guerendiáin. |
| 250 ## - MENCIÓN DE EDICIÓN | |
| Mención de edición | 2a ed. |
| 260 ## - PUBLICACIÓN, DISTRIBUCIÓN, ETC. | |
| Lugar de publicación, distribución, etc. | Barcelona : |
| Nombre del editor, distribuidor, etc. | Juventud , |
| Fecha de publicación, distribución, etc. | 1947. |
| 300 ## - DESCRIPCIÓN FÍSICA | |
| Extensión | 169 p., : ; |
| Dimensiones | 18 cm. |
| 600 10 - PUNTO DE ACCESO ADICIONAL DE MATERIA--NOMBRE DE PERSONA | |
| Nombre de persona | Bach, Johann Sebastian, |
| Fechas asociadas al nombre | 1685-1750 |
| Subdivisión de forma | Fiction. |
| 9 (RLIN) | 20315 |
| 600 10 - PUNTO DE ACCESO ADICIONAL DE MATERIA--NOMBRE DE PERSONA | |
| Nombre de persona | Bach, Anna Magdalena (Wilken) |
| Fechas asociadas al nombre | 1700-1760 |
| Subdivisión general | Fiction. [from old catalog] |
| 9 (RLIN) | 20316 |
| 650 #0 - PUNTO DE ACCESO ADICIONAL DE MATERIA--TÉRMINO DE MATERIA | |
| Término de materia o nombre geográfico como elemento de entrada | Musical fiction. [from old catalog] |
| 9 (RLIN) | 20317 |
| 700 1# - PUNTO DE ACCESO ADICIONAL--NOMBRE DE PERSONA | |
| Nombre de persona | Guerendiain, Carlos, |
| Término indicativo de función/relación | tr. |
| 9 (RLIN) | 20318 |
| Estado de retiro | Estado de pérdida | Restricciones de uso | No para préstamo | Código de colección | Localización permanente | Ubicación/localización actual | Ubicación en estantería | Fecha de adquisición | Número de inventario | Total de préstamos | Signatura topográfica completa | Código de barras | Fecha visto por última vez | Precio válido a partir de | Tipo de ítem Koha |
|---|---|---|---|---|---|---|---|---|---|---|---|---|---|---|---|
| Préstamo interno | Monografías: Libros y Folletos | General | General | En catalogación | 07.09.2009 | LF1 | xxx P425c | 7310-10 | 25.06.2020 | 25.06.2020 | Préstamo interno |
